Arms trade, security and conflict

Bibliographic Details
Corporate Author: ProQuest (Firm)
Other Authors: Levine, Paul, 1944-, Smith, Ron, 1944-
Format: Electronic eBook
Language:English
Published: London ; New York : Routledge, 2003.
Series:Studies in defence economics (Chur, Switzerland) ; v. 5.
Subjects:
Online Access:Click to View
LEADER 01686nam a22004214a 4500
001 EBC180875
003 MiAaPQ
005 20200520144314.0
006 m o d |
007 cr cn|||||||||
008 021105s2003 enka sb 101 0 eng
010 |z  2002036939 
020 |z 0415306485 
035 |a (MiAaPQ)EBC180875 
035 |a (Au-PeEL)EBL180875 
035 |a (CaPaEBR)ebr10099915 
035 |a (CaONFJC)MIL29171 
035 |a (OCoLC)252761747 
040 |a MiAaPQ  |c MiAaPQ  |d MiAaPQ 
050 4 |a HD9743.A2  |b A747 2003 
082 0 4 |a 382/.45355  |2 21 
084 |a 89.77  |2 bcl 
245 0 0 |a Arms trade, security and conflict  |h [electronic resource] /  |c edited by Paul Levine and Ron Smith. 
260 |a London ;  |a New York :  |b Routledge,  |c 2003. 
300 |a xii, 226 p. :  |b ill. 
490 1 |a Studies in defence economics ;  |v v. 5 
500 |a This conference volume contains a set of papers given at the June 1999 conference at Middlesex University Business School on the arms trade security and conflict. 
504 |a Includes bibliographical references and index. 
533 |a Electronic reproduction. Ann Arbor, MI : ProQuest, 2015. Available via World Wide Web. Access may be limited to ProQuest affiliated libraries. 
650 0 |a Arms transfers  |v Congresses. 
650 0 |a Defense industries  |v Congresses. 
650 0 |a National security  |v Congresses. 
655 4 |a Electronic books. 
700 1 |a Levine, Paul,  |d 1944- 
700 1 |a Smith, Ron,  |d 1944- 
710 2 |a ProQuest (Firm) 
830 0 |a Studies in defence economics (Chur, Switzerland) ;  |v v. 5. 
856 4 0 |u https://ebookcentral.proquest.com/lib/matrademy/detail.action?docID=180875  |z Click to View